[Event "AUT2M-chT 1998/99"]
[Site "Gmunden"]
[Date "1999.03.13"]
[Round "10.1"]
[White "Rotstein, Arkadij"]
[Black "Bischoff, Klaus"]
[Result "0-1"]
[WhiteElo "2493"]
[BlackElo "2521"]
[PlyCount "134"]
[EventDate "1999.03.13"]

1. c4 Nf6 2. g3 c6 3. b3 d5 4. Bb2 Bf5 5. Bg2 e6 6. d3 Be7 7. Nd2 h6 8. e4 Bh7
9. Ngf3 O-O 10. Qe2 a5 11. O-O a4 12. Rfe1 a3 13. Bc3 Na6 14. Rad1 Bb4 15. Bxb4
Nxb4 16. Nf1 Qb6 17. e5 Nd7 18. Ne3 d4 19. Ng4 h5 20. Ng5 hxg4 21. Nxh7 Kxh7
22. Qxg4 Rh8 23. Re4 Kg8 24. Rd2 c5 25. f4 Re8 26. Re1 g6 27. Be4 Kg7 28. Qf3
Rh3 29. Bxb7 Reh8 30. Be4 Kf8 31. Qg4 Ke8 32. Rf2 Kd8 33. Qg5+ Kc7 34. Qe7 R8h7
35. Qe8 Qb8 36. Qe7 Qf8 37. Qg5 Qh6 38. Qxh6 R7xh6 39. Ree2 Rh8 40. Rd2 Kd8 41.
Rfe2 Ke7 42. Bf3 Nb8 43. Bg4 R3h7 44. h4 N8c6 45. Kg2 Na5 46. Re1 Ra8 47. Bf3
Ra6 48. Be4 Rh8 49. Rb1 Ra7 50. Kf3 f5 51. exf6+ Kxf6 52. Re2 Nac6 53. Rbe1 Ne7
54. Rh2 Nf5 55. Ree2 Re7 56. Re1 e5 57. Rhe2 exf4 58. Kxf4 Rf8 59. Kg4 Ne3+ 60.
Kh3 Kg7 61. Rd2 Ref7 62. Ree2 Rf1 63. Rh2 g5 64. h5 g4+ 65. Kh4 Kh6 66. Rde2
Nbc2 67. Bg6 Ne1 0-1

[Event "AUT2M-chT 1998/99"]
[Site "Gmunden"]
[Date "1999.03.13"]
[Round "10.1"]
[White "Gruenberg, Hans Ulrich"]
[Black "Wukits, Rene"]
[Result "0-1"]
[WhiteElo "2460"]
[BlackElo "2230"]
[PlyCount "75"]
[EventDate "1999.03.13"]

1. d4 Nf6 2. Nf3 e6 3. c4 d5 4. Bg5 Be7 5. e3 Nbd7 6. Nc3 O-O 7. Qc2 c5 8. Rd1
Qa5 9. cxd5 exd5 10. Bd3 cxd4 11. Nxd4 Bb4 12. O-O Bxc3 13. bxc3 Re8 14. Bh4 a6
15. c4 dxc4 16. Bxc4 Qh5 17. Bg3 Ne4 18. Bf4 b5 19. Be2 Qc5 20. Rc1 Qxc2 21.
Rxc2 Nf8 22. Bf3 Ng6 23. Bc7 Nh4 24. Be2 Nf5 25. Nc6 Be6 26. Rfc1 Rac8 27. Bf4
g5 28. Be5 f6 29. Ba1 Kg7 30. Bh5 Rf8 31. Bg4 Kf7 32. f3 Ned6 33. e4 Ne3 34.
Bh5+ Kg7 35. Nd4 Bd7 36. Rc7 Rxc7 37. Rxc7 Rd8 38. Ne6+ {Zeitueberschreitung!!!
} 0-1

[Event "AUT2M-chT 1998/99"]
[Site "Gmunden"]
[Date "1999.03.13"]
[Round "10.1"]
[White "Kreindl, Helmut"]
[Black "Hager, Franz"]
[Result "0-1"]
[WhiteElo "2225"]
[BlackElo "2240"]
[PlyCount "124"]
[EventDate "1999.03.13"]

1. e4 g6 2. d4 d6 3. Be3 Bg7 4. Nc3 a6 5. Qd2 b5 6. O-O-O Bb7 7. f3 Nd7 8. h4
h5 9. Nh3 c5 10. Ng5 Rc8 11. Ne2 Qc7 12. d5 Ne5 13. Nf4 Qb6 14. Be2 Nf6 15.
Nfh3 b4 16. Nf2 Qa5 17. a3 Qa4 18. c3 bxa3 19. bxa3 Rb8 20. Qc2 Qxa3+ 21. Kd2
Qa5 22. Ra1 Qc7 23. Qa4+ Ned7 24. Bxa6 Bxa6 25. Qxa6 Rb2+ 26. Kc1 Qb8 27. Qa8
O-O 28. Qxb8 Rfxb8 29. Ra8 Rxa8 30. Kxb2 Nb6 31. Bc1 Na4+ 32. Kb3 Nxc3 33. Nd3
Na4 34. Bd2 Nb6 35. Nb2 Nfd7 36. Bc3 c4+ 37. Kb4 Nxd5+ 38. exd5 Rb8+ 39. Kxc4
Rc8+ 40. Kb4 Bxc3+ 41. Kb3 Bxb2 42. Kxb2 Nb6 43. Ra1 Nxd5 44. Ra7 f6 45. Ne4
Rc7 46. Ra8+ Kf7 47. Rh8 Kg7 48. Re8 Ne3 49. g3 d5 50. Nc3 d4 51. Ne4 Nc4+ 52.
Kb3 Nd6 53. Nxd6 exd6 54. g4 Rc3+ 55. Kb4 Rxf3 56. gxh5 d3 57. Kc3 gxh5 58. Rd8
Kg6 59. Rxd6 Kf5 60. Rd4 Rf4 61. Rxd3 Rxh4 62. Kd2 Re4 0-1

[Event "AUT2M-chT 1998/99"]
[Site "Gmunden"]
[Date "1999.03.13"]
[Round "10.1"]
[White "Hinteregger, Arthur"]
[Black "Froeschl, Felix"]
[Result "1/2-1/2"]
[WhiteElo "2156"]
[BlackElo "2240"]
[PlyCount "24"]
[EventDate "1999.03.13"]

1. e4 c5 2. Nf3 d6 3. d4 cxd4 4. Qxd4 Nc6 5. Bb5 Bd7 6. Bxc6 Bxc6 7. Nc3 Nf6 8.
Bg5 h6 9. Bxf6 gxf6 10. O-O-O Qa5 11. Kb1 Rg8 12. Nh4 Qc5 1/2-1/2

[Event "AUT2M-chT 1998/99"]
[Site "Gmunden"]
[Date "1999.03.13"]
[Round "10.1"]
[White "Wallner, Alfred"]
[Black "Gottsmann, Herbert"]
[Result "1-0"]
[WhiteElo "2260"]
[BlackElo "2145"]
[PlyCount "53"]
[EventDate "1999.03.13"]

1. e4 e6 2. d4 d5 3. Nd2 Nf6 4. e5 Nfd7 5. Bd3 c5 6. c3 Nc6 7. Ne2 cxd4 8. cxd4
f6 9. exf6 Nxf6 10. O-O Bd6 11. Nf3 Qc7 12. g3 O-O 13. Bf4 Bd7 14. Rc1 Bxf4 15.
Nxf4 Qb6 16. Qd2 Ne4 17. Qe3 Nd6 18. Ne5 Nxe5 19. Qxe5 Nf5 20. Rc7 Rad8 21. Rc5
Rde8 22. Rc7 Rd8 23. Rxd7 Rxd7 24. Nxe6 Re7 25. Bxf5 Rxf5 26. Qb8+ Kf7 27. Qf8+
1-0

[Event "AUT2M-chT 1998/99"]
[Site "Gmunden"]
[Date "1999.03.13"]
[Round "10.1"]
[White "Donegani, Peter"]
[Black "Kargl, Kurt"]
[Result "1/2-1/2"]
[WhiteElo "2119"]
[BlackElo "2245"]
[PlyCount "49"]
[EventDate "1999.03.13"]

1. e4 e5 2. Nf3 Nc6 3. Nc3 g6 4. d4 exd4 5. Nxd4 Bg7 6. Be3 d6 7. Bc4 Nf6 8. f3
O-O 9. Qd2 Ne5 10. Bb3 a6 11. a4 Bd7 12. O-O Re8 13. a5 Nc6 14. Rfd1 Qe7 15.
Ra3 Qf8 16. Nce2 h6 17. c4 Kh7 18. Ba4 Ne5 19. Qc2 Rec8 20. Bxd7 Nfxd7 21. Nb3
Qe8 22. Nd2 Nc6 23. Nb1 Nc5 24. Qd2 Ne6 25. b4 1/2-1/2

[Event "AUT2M-chT 1998/99"]
[Site "Gmunden"]
[Date "1999.03.13"]
[Round "10.2"]
[White "Juergens, Klaus"]
[Black "Heimberger, Reinhard"]
[Result "1-0"]
[WhiteElo "2218"]
[BlackElo "2280"]
[PlyCount "115"]
[EventDate "1999.03.13"]

1. Nf3 b6 2. g3 Bb7 3. Bg2 e5 4. O-O d6 5. c4 Be7 6. Nc3 f5 7. Qc2 Qd7 8. Nxe5
Qc8 9. Bxb7 Qxb7 10. Nf3 g6 11. d4 Nc6 12. Bf4 Bf6 13. Rad1 Nge7 14. d5 Ne5 15.
Nd4 O-O 16. Ne6 Rfc8 17. b3 a6 18. a4 c6 19. dxc6 Qxc6 20. Qd2 d5 21. Nd4 Qb7
22. Qe3 Ng4 23. Qe6+ Kg7 24. h3 Bxd4 25. Rxd4 Rc6 26. Bd6 Nc8 27. Be5+ Kf8 28.
Qxd5 Ne7 29. Bd6 Nf6 30. Qe6 Nfg8 31. Nd5 Re8 32. Nxe7 Nxe7 33. Bxe7+ Rxe7 34.
Rd8+ Kg7 35. Qg8+ Kh6 36. Rfd1 Rce6 37. R1d4 Rxe2 38. Rh4+ Kg5 39. f4+ Kf6 40.
Rf8+ Rf7 41. Rxf7+ Qxf7 42. Qxf7+ Kxf7 43. Rxh7+ Kf6 44. Rb7 Re6 45. Kf2 g5 46.
fxg5+ Kxg5 47. Rd7 Rc6 48. Rd5 Kg6 49. Ke3 Re6+ 50. Kf4 Re4+ 51. Kf3 Re6 52. h4
a5 53. h5+ Kxh5 54. g4+ Kg5 55. Rxf5+ Kg6 56. Kf4 Re1 57. Re5 Rf1+ 58. Ke4 1-0

[Event "AUT2M-chT 1998/99"]
[Site "Gmunden"]
[Date "1999.03.13"]
[Round "10.2"]
[White "Wuppinger, Manfred"]
[Black "Tober, Gerhard"]
[Result "1/2-1/2"]
[WhiteElo "2185"]
[BlackElo "2210"]
[PlyCount "68"]
[EventDate "1999.03.13"]

1. e4 c5 2. c3 e6 3. Nf3 d5 4. exd5 exd5 5. d4 Nc6 6. Bb5 Bd6 7. Be3 Qb6 8. Qe2
Nge7 9. Bxc6+ bxc6 10. dxc5 Bxc5 11. Bxc5 Qxc5 12. O-O O-O 13. Nbd2 Ng6 14. c4
Ba6 15. b3 Rae8 16. Qd3 dxc4 17. Nxc4 Nf4 18. Qd6 Qxd6 19. Nxd6 Bxf1 20. Kxf1
Re6 21. Nc4 Rd8 22. g3 Ng6 23. Rc1 f6 24. Na5 Rd3 25. Kg2 Ne7 26. Rc2 Rd7 27.
Rc4 Re2 28. a4 Rb2 29. Nd4 c5 30. Ne6 Rdd2 31. Rf4 Nd5 32. Rf3 Re2 33. Nc4 Rxb3
34. Rxb3 34... Rxe6 {Rest unleserlich !!!} 1/2-1/2

[Event "AUT2M-chT 1998/99"]
[Site "Gmunden"]
[Date "1999.03.13"]
[Round "10.3"]
[White "Kaiser, Wolfgang"]
[Black "Medvegy, Zoltan"]
[Result "0-1"]
[WhiteElo "2395"]
[BlackElo "2397"]
[PlyCount "120"]
[EventDate "1999.03.13"]

1. Nf3 Nf6 2. g3 g6 3. b3 Bg7 4. Bb2 O-O 5. Bg2 d6 6. c4 e5 7. d3 Nh5 8. Nc3 c6
9. e4 f5 10. h3 f4 11. g4 Nf6 12. g5 Nh5 13. Qd2 c5 14. O-O-O Nc6 15. Rdg1 a6
16. Nd5 b5 17. Ne1 Qxg5 18. Bf3 Qd8 19. Bxh5 gxh5 20. Nxf4 Qh4 21. Rxg7+ Kxg7
22. Rg1+ Kf7 23. Nd5 Rg8 24. Rxg8 Kxg8 25. Nf3 Qd8 26. Qh6 Kh8 27. Ng5 Qg8 28.
Nf6 Qg7 29. Qxh5 Qg6 30. f4 Qxh5 31. Nxh5 Ra7 32. f5 h6 33. Nf3 Rf7 34. Nh4
bxc4 35. dxc4 Ne7 36. Kd2 Nxf5 37. exf5 Bxf5 38. Nf4 Kh7 39. Nxf5 Rxf5 40. Nd3
e4 41. Nc1 Rf3 42. h4 Kg6 43. a3 Rh3 44. b4 cxb4 45. axb4 e3+ 46. Kd3 e2+ 47.
Kd2 Rxh4 48. Nxe2 Rxc4 49. Bc3 h5 50. Ke3 h4 51. Be1 Kf5 52. Nd4+ Kg4 53. Nf3
Rc1 54. Kf2 Rc2+ 55. Bd2 Rb2 56. Nh2+ Kh3 57. Nf3 Kg4 58. Nh2+ Kf5 59. Nf3 h3
60. Kg3 Ke4 0-1

[Event "AUT2M-chT 1998/99"]
[Site "Gmunden"]
[Date "1999.03.13"]
[Round "10.3"]
[White "Ager, Josef"]
[Black "Schueller, Ernst"]
[Result "1-0"]
[WhiteElo "2330"]
[BlackElo "2255"]
[PlyCount "81"]
[EventDate "1999.03.13"]

1. d4 d6 2. g3 Nf6 3. Bg2 Nbd7 4. e4 e5 5. Ne2 exd4 6. Nxd4 Nc5 7. O-O Be7 8.
Re1 O-O 9. h3 Re8 10. c4 a5 11. Nc3 a4 12. Rb1 Bf8 13. b4 axb3 14. axb3 Bd7 15.
Qc2 Na6 16. Bf4 Nh5 17. Be3 Nb4 18. Qd2 c5 19. Nf5 Ra6 20. g4 g6 21. Nh6+ Bxh6
22. Bxh6 Ng7 23. Ra1 Qf6 24. Rxa6 bxa6 25. e5 Rxe5 26. Ne4 Rxe4 27. Bxe4 Bc6
28. Bxc6 Nxc6 29. Qd5 Nd8 30. Bg5 Qc3 31. Re3 Qa1+ 32. Kg2 Nge6 33. Qa8 Kg7 34.
Bxd8 g5 35. Be7 Nf4+ 36. Kh2 Ng6 37. Bxd6 Qf1 38. Qg2 Qd1 39. Bg3 h6 40. Qe4 a5
41. Qf5 1-0

[Event "AUT2M-chT 1998/99"]
[Site "Gmunden"]
[Date "1999.03.13"]
[Round "10.3"]
[White "Denk, Adolf"]
[Black "Hackbarth, Wolfgang"]
[Result "1-0"]
[WhiteElo "2261"]
[BlackElo "2186"]
[PlyCount "127"]
[EventDate "1999.03.13"]

1. d4 Nf6 2. Nf3 g6 3. g3 Bg7 4. Bg2 O-O 5. O-O d6 6. b3 c6 7. Bb2 Bg4 8. Nbd2
Qc8 9. Re1 Re8 10. e4 Nbd7 11. h3 Bxf3 12. Qxf3 Qc7 13. e5 Nd5 14. e6 fxe6 15.
Rxe6 Nf8 16. Re2 e6 17. Ne4 Re7 18. Rae1 Rf7 19. Qd3 h6 20. c4 Nf6 21. h4 b6
22. Bh3 d5 23. Nxf6+ Rxf6 24. Bxe6+ Nxe6 25. Rxe6 Raf8 26. Rxf6 Rxf6 27. Bc1
Qf7 28. Qe2 dxc4 29. bxc4 Rd6 30. Be3 Bxd4 31. Bxh6 Rf6 32. Qe8+ Qxe8 33. Rxe8+
Kf7 34. Re2 Rf5 35. Bg5 Bc5 36. Kg2 Bf8 37. Rd2 Rc5 38. Rd7+ Ke6 39. Rxa7 Rxc4
40. Be3 b5 41. Kf3 b4 42. g4 Bc5 43. Ra5 Bxe3 44. fxe3 Rc2 45. Kf4 Kf6 46. Ra6
Rf2+ 47. Ke4 Rc2 48. Kd3 Rc3+ 49. Kd4 Ke7 50. Rb6 Rc1 51. Ke5 Rc5+ 52. Kf4 Rc4+
53. Kg5 Kf7 54. Rb7+ Kg8 55. Ra7 Kf8 56. Ra4 Rc3 57. Rxb4 Rxe3 58. Kxg6 Ke7 59.
h5 c5 60. Rb7+ Kd6 61. h6 c4 62. h7 Rh3 63. g5 c3 64. Rb3 1-0

[Event "AUT2M-chT 1998/99"]
[Site "Gmunden"]
[Date "1999.03.13"]
[Round "10.3"]
[White "Knechtel, Roland"]
[Black "Humer, Wolfgang"]
[Result "1-0"]
[WhiteElo "2150"]
[BlackElo "2280"]
[PlyCount "125"]
[EventDate "1999.03.13"]

1. d4 Nf6 2. c4 e5 3. dxe5 Ng4 4. e4 Nxe5 5. f4 Nec6 6. Be3 Bb4+ 7. Nd2 Qh4+ 8.
g3 Qe7 9. Bg2 b6 10. Ne2 Bb7 11. Nc3 Bxc3 12. bxc3 Na6 13. Nb3 O-O 14. Kf2 d6
15. Re1 Rae8 16. Bd4 Qe6 17. Qd3 Nab8 18. e5 dxe5 19. Bxe5 Qh6 20. Bxc7 Qxh2
21. Rh1 Qxg2+ 22. Kxg2 Nb4+ 23. Qf3 Re2+ 24. Kf1 Bxf3 25. cxb4 Rfe8 26. Nd4
Bg2+ 27. Kg1 Rd2 28. Nb3 Bxh1 29. Nxd2 Bb7 30. Bxb8 Rxb8 31. Kf2 Kf8 32. Re1
Rd8 33. Nb3 Rc8 34. Rc1 Ke7 35. Ke3 Kf6 36. Nd4 Re8+ 37. Kf2 Rd8 38. Ke3 Re8+
39. Kd3 g5 40. c5 bxc5 41. Rxc5 Be4+ 42. Kd2 gxf4 43. gxf4 Rd8 44. Ke3 Bd5 45.
Ra5 Re8+ 46. Kd2 Bc4 47. Rxa7 Re4 48. Kc3 Bf1 49. b5 Re8 50. a4 Kg6 51. b6 Bg2
52. Ra5 f6 53. f5+ Kg5 54. Ra7 Rc8+ 55. Rc7 Rxc7+ 56. bxc7 Bb7 57. Kb4 Kf4 58.
Kb5 Ke5 59. a5 Kd6 60. Ne6 Kd7 61. a6 Bg2 62. Kb6 Kc8 63. Nc5 1-0

[Event "AUT2M-chT 1998/99"]
[Site "Gmunden"]
[Date "1999.03.13"]
[Round "10.4"]
[White "Singer, Christoph"]
[Black "Opl, Klaus"]
[Result "1-0"]
[WhiteElo "2245"]
[BlackElo "2330"]
[PlyCount "81"]
[EventDate "1999.03.13"]

1. e4 e5 2. Nf3 Nc6 3. Bb5 a6 4. Bxc6 dxc6 5. O-O Qd6 6. d3 f6 7. Be3 Be6 8.
Nbd2 c5 9. a3 Qc6 10. Qb1 Bd6 11. b4 b6 12. c3 cxb4 13. cxb4 Ne7 14. d4 exd4
15. Nxd4 Qd7 16. Nxe6 Qxe6 17. Rc1 O-O 18. Nc4 f5 19. Nxd6 Qxd6 20. g3 fxe4 21.
Qxe4 Nd5 22. Rd1 Rad8 23. Rd2 Qf6 24. Bd4 Qf7 25. Rad1 c6 26. Bxb6 Rde8 27. Qd4
Qg6 28. Bc5 Rf3 29. Rd3 Rxd3 30. Rxd3 Re1+ 31. Kg2 Re4 32. Rf3 h5 33. Qd3 h4
34. Qxa6 Qe6 35. Rf8+ Kh7 36. Qc8 Nf4+ 37. gxf4 Qg6+ 38. Kf3 Qh5+ 39. Kxe4 Qe2+
40. Kf5 Qh5+ 41. Ke6 1-0

[Event "AUT2M-chT 1998/99"]
[Site "Gmunden"]
[Date "1999.03.13"]
[Round "10.4"]
[White "Hainzinger, Johann"]
[Black "Hamberger, Hermann"]
[Result "1/2-1/2"]
[WhiteElo "2065"]
[BlackElo "2175"]
[PlyCount "32"]
[EventDate "1999.03.13"]

1. d4 Nf6 2. Nf3 c5 3. d5 d6 4. Nc3 g6 5. e4 Nbd7 6. Bb5 a6 7. Bxd7+ Nxd7 8.
Bf4 Bg7 9. Qd2 O-O 10. Bh6 Nf6 11. Bxg7 Kxg7 12. O-O Bg4 13. Ne1 Qc7 14. h3 Bd7
15. Nf3 b5 16. Rfe1 Rab8 1/2-1/2

[Event "AUT2M-chT 1998/99"]
[Site "Gmunden"]
[Date "1999.03.13"]
[Round "10.5"]
[White "Wirius, Stefan"]
[Black "Hellmayr, Alois"]
[Result "1/2-1/2"]
[WhiteElo "2285"]
[BlackElo "2267"]
[PlyCount "53"]
[EventDate "1999.03.13"]

1. c4 c5 2. g3 Nc6 3. Bg2 g6 4. e3 Bg7 5. Ne2 e5 6. Nbc3 Nge7 7. a3 d6 8. O-O
O-O 9. b4 Be6 10. d3 Rc8 11. b5 Na5 12. e4 Qd7 13. Nd5 Bxd5 14. exd5 b6 15. Rb1
Nb7 16. Bb2 Rfe8 17. Qd2 Kh8 18. Rbe1 Ng8 19. f4 f5 20. h3 Re7 21. Kh2 Rce8 22.
Ng1 exf4 23. Bxg7+ Kxg7 24. gxf4 Rxe1 25. Rxe1 Rxe1 26. Qxe1 Qe7 27. Qd2
1/2-1/2

[Event "AUT2M-chT 1998/99"]
[Site "Gmunden"]
[Date "1999.03.13"]
[Round "10.5"]
[White "Doppelhammer, Herbert"]
[Black "Tkaczuk, Rainer"]
[Result "0-1"]
[WhiteElo "2117"]
[BlackElo "2260"]
[PlyCount "60"]
[EventDate "1999.03.13"]

1. d4 g6 2. Nf3 Bg7 3. Bf4 d6 4. e3 Nd7 5. h3 e5 6. Bh2 Ne7 7. Be2 O-O 8. O-O
b6 9. a4 a5 10. Na3 e4 11. Nd2 f5 12. Nb5 Kh8 13. Nc4 Nd5 14. Ncxd6 cxd6 15.
Bxd6 Rf6 16. c4 Nb4 17. c5 Bb7 18. Rc1 Bf8 19. Bc7 Qe7 20. cxb6 Nd5 21. Qb3
N5xb6 22. Bxb6 Rxb6 23. Rc7 Rc8 24. Rfc1 Rxc7 25. Rxc7 Qe8 26. Qc3 Bb4 27. Qc4
Nf6 28. Qf7 Qxf7 29. Rxf7 Bd5 30. Nc7 Bxf7 0-1

[Event "AUT2M-chT 1998/99"]
[Site "Gmunden"]
[Date "1999.03.13"]
[Round "10.6"]
[White "Neckar, Lubomir"]
[Black "Wegener, Dirk"]
[Result "0-1"]
[WhiteElo "2343"]
[BlackElo "2305"]
[PlyCount "86"]
[EventDate "1999.03.13"]

1. Nf3 Nf6 2. c4 g6 3. g3 Bg7 4. Bg2 c6 5. d4 d5 6. Nbd2 O-O 7. b3 Bf5 8. Bb2
Qc8 9. cxd5 cxd5 10. Rc1 Qe6 11. O-O Nc6 12. Ne5 Rac8 13. Ndf3 Nxe5 14. dxe5
Rxc1 15. Bxc1 Ne4 16. Bb2 Rd8 17. Nd4 Qxe5 18. Nxf5 Qxf5 19. Bxg7 Kxg7 20. Qd4+
e5 21. Qxa7 Nc3 22. Re1 Rd7 23. a4 d4 24. Qc5 e4 25. Qc4 Qe6 26. Qb4 Qd6 27.
Qa5 b6 28. Qg5 Qe6 29. b4 Qc4 30. Qe5+ f6 31. Qe8 Qf7 32. Qc8 Rc7 33. Qd8 Qd7
34. Qa8 d3 35. exd3 exd3 36. Bf3 d2 37. Rf1 d1=Q 38. Bxd1 Nxd1 39. a5 bxa5 40.
bxa5 Nc3 41. a6 Qc8 42. Qxc8 Rxc8 43. Kg2 Ra8 0-1

[Event "AUT2M-chT 1998/99"]
[Site "Gmunden"]
[Date "1999.03.13"]
[Round "10.6"]
[White "Baumgartner, Heinz"]
[Black "Kranzl, Peter"]
[Result "1-0"]
[WhiteElo "2278"]
[BlackElo "2269"]
[PlyCount "179"]
[EventDate "1999.03.13"]

1. Nf3 Nf6 2. g3 g6 3. Bg2 Bg7 4. O-O O-O 5. c4 d6 6. d4 c6 7. Nc3 Bf5 8. Nh4
Be6 9. d5 cxd5 10. cxd5 Bd7 11. e4 Qb6 12. h3 Rc8 13. Qe2 Na6 14. Be3 Nc5 15.
f4 Qa6 16. Qxa6 bxa6 17. Rad1 Rab8 18. Rf2 a5 19. Bd4 Rb4 20. e5 Ne8 21. Nf3
Rc7 22. Re2 Na4 23. Nxa4 Bxa4 24. Rde1 dxe5 25. fxe5 Bb5 26. Rd2 Bh6 27. Rdd1
Ba4 28. b3 Bd7 29. d6 exd6 30. exd6 Rc6 31. Ne5 Rxd6 32. Nxd7 Rbxd4 33. Rxd4
Rxd4 34. Rxe8+ Kg7 35. Nc5 Rd2 36. a4 Rc2 37. Nb7 Rc3 38. Kh2 Rxb3 39. Nxa5 Ra3
40. Bc6 Ra2+ 41. Kh1 Bd2 42. Nc4 Bb4 43. Rb8 Bc5 44. Rb7 Rf2 45. Rb5 Rf1+ 46.
Kh2 Rf2+ 47. Bg2 Bd4 48. Rd5 Bc3 49. Rd7 a5 50. Kg1 Ra2 51. Bc6 Be1 52. g4 Kf6
53. Kf1 Bb4 54. Ne3 Bc5 55. Nd5+ Kg7 56. Nc3 Rf2+ 57. Ke1 Rh2 58. Ne4 Bb4+ 59.
Kd1 Rxh3 60. Rxf7+ Kxf7 61. Ng5+ Kf6 62. Nxh3 Ke5 63. Ke2 Kd4 64. Be8 Be7 65.
Kf3 Bd6 66. Bf7 Ke5 67. Bg8 h6 68. Bb3 Ba3 69. Nf4 Kf6 70. Nd5+ Kg5 71. Nf4 Bc1
72. Ne6+ Kf6 73. Nc5 h5 74. gxh5 gxh5 75. Ke4 Ba3 76. Kd5 h4 77. Kc6 h3 78. Nb7
Bb4 79. Bd5 Ke5 80. Bh1 Kd4 81. Kb5 Ke3 82. Nxa5 Bc3 83. Nc6 Kf2 84. Nb4 Kg1
85. Be4 h2 86. a5 h1=Q 87. Bxh1 Kxh1 88. a6 Bd4 89. Kc6 Kg2 90. Nd5 1-0

[Event "AUT2M-chT 1998/99"]
[Site "Gmunden"]
[Date "1999.03.13"]
[Round "10.6"]
[White "Knoll, Hermann"]
[Black "Rolletschek, Heinrich"]
[Result "0-1"]
[WhiteElo "2318"]
[BlackElo "2291"]
[PlyCount "122"]
[EventDate "1999.03.13"]

1. e4 e5 2. Nf3 Nc6 3. d4 exd4 4. Nxd4 Nf6 5. Nxc6 bxc6 6. e5 Nd5 7. c4 Bb4+ 8.
Nd2 Nf4 9. a3 Be7 10. Ne4 Ng6 11. Qh5 d5 12. exd6 cxd6 13. Be2 f6 14. O-O O-O
15. Rd1 Qc7 16. Be3 Be6 17. Rac1 a5 18. Nc3 Bf7 19. Bd3 a4 20. Ne2 Ra5 21. c5
Rb8 22. Rd2 dxc5 23. Bf4 Bd6 24. Bxd6 Qxd6 25. Rcd1 Qc7 26. Qh3 Nf8 27. Ng3 c4
28. Bf5 Rd5 29. Be4 Rxd2 30. Rxd2 Qf4 31. Rc2 Rxb2 32. Rxb2 Qc1+ 33. Nf1 Qxb2
34. Bxc6 c3 35. Bxa4 c2 36. Bxc2 Qxc2 37. Qe3 Bc4 38. Qe1 Qe2 39. Qxe2 Bxe2 40.
Nd2 Kf7 41. f3 Ke6 42. Kf2 Ba6 43. Ke3 Kd5 44. Kf4 Ne6+ 45. Kg4 Bc8 46. Kg3 Bd7
47. h4 Nd4 48. Kf4 Nc2 49. g4 Nxa3 50. Ne4 Nb5 51. Ng3 Nc7 52. Ke3 Ne6 53. Nh5
Be8 54. Ng3 Ke5 55. Ne2 g5 56. hxg5 fxg5 57. Nc1 Bb5 58. Nb3 Bc4 59. Nd2 Bd5
60. Nf1 Nd4 61. Nd2 Nxf3 0-1

[Event "AUT2M-chT 1998/99"]
[Site "Gmunden"]
[Date "1999.03.13"]
[Round "10.6"]
[White "Woeber, Friedrich"]
[Black "Hager, Herbert"]
[Result "0-1"]
[WhiteElo "2205"]
[BlackElo "2185"]
[PlyCount "48"]
[EventDate "1999.03.13"]

1. e4 c5 2. Nf3 e6 3. c3 Nc6 4. d4 d5 5. exd5 Qxd5 6. Na3 Bd7 7. Be2 cxd4 8.
Nb5 O-O-O 9. O-O dxc3 10. Qa4 Bc5 11. Rd1 Qf5 12. bxc3 Nf6 13. Nfd4 Nxd4 14.
cxd4 Ne4 15. Be3 Nc3 16. dxc5 Bxb5 17. Qxa7 Nxe2+ 18. Kh1 Qe5 19. Qa8+ Qb8 20.
Qa5 Bc6 21. Qb4 g5 22. Rd6 Rxd6 23. cxd6 Nf4 24. Qd4 Bxg2+ 0-1

[Event "AUT2M-chT 1998/99"]
[Site "Gmunden"]
[Date "1999.03.14"]
[Round "11.1"]
[White "Vlasak, Reinhard"]
[Black "Kreindl, Helmut"]
[Result "1/2-1/2"]
[WhiteElo "2203"]
[BlackElo "2225"]
[PlyCount "37"]
[EventDate "1999.03.13"]

1. e4 d5 2. exd5 Nf6 3. c4 c6 4. Nc3 cxd5 5. d4 g6 6. Qb3 Bg7 7. cxd5 O-O 8.
Be2 Nbd7 9. Bf3 Nb6 10. h3 Bf5 11. a4 a5 12. Qb5 Ne8 13. Nge2 Nd6 14. Qb3 Bd3
15. O-O Nf5 16. Rd1 Bc4 17. Qa3 Nxd5 18. Bxd5 Bxd5 19. Nxd5 1/2-1/2

[Event "AUT2M-chT 1998/99"]
[Site "Gmunden"]
[Date "1999.03.14"]
[Round "11.1"]
[White "Froeschl, Felix"]
[Black "Wuppinger, Manfred"]
[Result "1/2-1/2"]
[WhiteElo "2240"]
[BlackElo "2185"]
[PlyCount "105"]
[EventDate "1999.03.13"]

1. d4 d5 2. Nf3 Nf6 3. c4 c6 4. Nc3 g6 5. Bf4 Bg7 6. e3 O-O 7. Rc1 e6 8. Be2
Nbd7 9. O-O dxc4 10. Bxc4 Nd5 11. Bg3 N7f6 12. Be5 Re8 13. Re1 Nb6 14. Bb3 Nbd7
15. Bg3 Nh5 16. Bh4 Qa5 17. Nd2 Bf6 18. Nc4 Qc7 19. Bxf6 Nhxf6 20. f4 Kg7 21.
Ne5 Qd6 22. Qf3 a5 23. a3 Nb6 24. Red1 Nbd5 25. Na4 Nd7 26. e4 Nc7 27. Nxd7
Bxd7 28. Nc5 Bc8 29. e5 Qe7 30. Ne4 Rd8 31. Qf2 Ne8 32. g4 b6 33. g5 h5 34.
gxh6+ Kh8 35. Qg3 Bb7 36. Qg5 Qf8 37. Nf2 c5 38. dxc5 Rxd1+ 39. Bxd1 Rc8 40. b4
axb4 41. axb4 bxc5 42. bxc5 Rxc5 43. Rb1 Bc6 44. Rb8 Rc1 45. f5 Rxd1+ 46. Nxd1
Qc5+ 47. Qe3 Qd5 48. Rxe8+ Bxe8 49. Nc3 Qc4 50. fxg6 Qg4+ 51. Qg3 Qd4+ 52. Kg2
fxg6 53. Ne2 1/2-1/2

[Event "AUT2M-chT 1998/99"]
[Site "Gmunden"]
[Date "1999.03.14"]
[Round "11.2"]
[White "Bischoff, Klaus"]
[Black "Farago, Ivan"]
[Result "1/2-1/2"]
[WhiteElo "2521"]
[BlackElo "2533"]
[PlyCount "35"]
[EventDate "1999.03.13"]

1. c4 Nf6 2. d4 e6 3. Nc3 Bb4 4. e3 O-O 5. Bd3 d5 6. cxd5 exd5 7. Nge2 Bd6 8.
Bd2 c6 9. h3 Re8 10. Qc2 Nbd7 11. g4 Nf8 12. O-O-O Be6 13. Kb1 c5 14. dxc5 Bxc5
15. g5 Nh5 16. Nb5 Rc8 17. Bc3 Qxg5 18. Rhg1 1/2-1/2

[Event "AUT2M-chT 1998/99"]
[Site "Gmunden"]
[Date "1999.03.14"]
[Round "11.2"]
[White "Heimberger, Reinhard"]
[Black "Gruenberg, Hans Ulrich"]
[Result "0-1"]
[WhiteElo "2280"]
[BlackElo "2460"]
[PlyCount "146"]
[EventDate "1999.03.13"]

1. c4 Nf6 2. Nc3 g6 3. g3 Bg7 4. Bg2 O-O 5. e4 c5 6. Nge2 Nc6 7. O-O d6 8. d3
a6 9. f4 Bd7 10. h3 Rb8 11. Be3 b5 12. Qd2 Ne8 13. Rae1 Nc7 14. b3 Ne6 15. g4
Ned4 16. f5 Qa5 17. Nd5 Qxd2 18. Bxd2 Nxe2+ 19. Rxe2 Bd4+ 20. Be3 e6 21. Bxd4
Nxd4 22. Nf6+ Kg7 23. Nxd7 Nxe2+ 24. Kf2 Nf4 25. f6+ Kg8 26. Kg3 e5 27. g5 Rfd8
28. Nxb8 Rxb8 29. h4 h6 30. Bh3 Rb6 31. Rd1 Ne2+ 32. Kf3 Nd4+ 33. Ke3 Kh7 34.
Bd7 Rb8 35. Rd2 Rd8 36. Bg4 Rb8 37. Bd7 Rh8 38. Rh2 Rd8 39. Bg4 a5 40. Bd1 Ra8
41. Bg4 Ra7 42. Rb2 Rb7 43. cxb5 Rxb5 44. Bd7 Rb7 45. Be8 Kg8 46. Rg2 Rb8 47.
Bd7 Rd8 48. Bg4 Kh7 49. Rh2 Kg8 50. Rf2 h5 51. Bh3 Kf8 52. Kd2 Ke8 53. Kc3 Rb8
54. Rb2 Kd8 55. Bg2 Kc7 56. a4 Ne6 57. Bf3 Rb4 58. Bh1 Nf4 59. Bf3 Kc6 60. Rd2
d5 61. Ra2 Kd6 62. Rb2 Ke6 63. Rd2 Kd6 64. Ra2 d4+ 65. Kc2 Nxd3 66. Kxd3 Rxb3+
67. Ke2 c4 68. Kf2 Kc5 69. Bd1 Rb1 70. Be2 d3 71. Bxd3 cxd3 72. Ke3 Kc4 73. Ra3
Rh1 0-1

[Event "AUT2M-chT 1998/99"]
[Site "Gmunden"]
[Date "1999.03.14"]
[Round "11.3"]
[White "Kaiser, Wolfgang"]
[Black "Ankerst, Michael"]
[Result "1/2-1/2"]
[WhiteElo "2395"]
[BlackElo "2316"]
[PlyCount "87"]
[EventDate "1999.03.13"]

1. Nf3 Nf6 2. g3 g6 3. b3 Bg7 4. Bb2 O-O 5. Bg2 d6 6. c4 e5 7. d3 a5 8. Nc3 Nc6
9. O-O Nd7 10. e3 f5 11. d4 e4 12. Ne1 Nf6 13. Nc2 h5 14. f3 exf3 15. Bxf3 Qe7
16. a3 Nd8 17. Qd3 Nf7 18. Rae1 Ng5 19. Bg2 Nge4 20. Ne2 c6 21. Nf4 Kh7 22. Qd1
Qf7 23. a4 g5 24. Nd3 Qe8 25. Na3 Kh6 26. d5 c5 27. Nb5 Qe7 28. Nf2 Bd7 29.
Nxe4 fxe4 30. Qc2 Bxb5 31. axb5 Rae8 32. h3 b6 33. Rf5 Nd7 34. Ref1 Rxf5 35.
Rxf5 Kg6 36. Rf1 Bxb2 37. Qxb2 Nf6 38. Qf2 Qe5 39. h4 g4 40. Kh2 Re7 41. Qf4
Qxf4 42. Rxf4 Re8 43. Kg1 Re5 44. Bh1 1/2-1/2